The great Gatsby / (Record no. 250343)
[ view plain ]
| 000 -LEADER | |
|---|---|
| fixed length control field | 01813cam a2200409Ia 4500 |
| 001 - CONTROL NUMBER | |
| control field | 8415624 |
| 003 - CONTROL NUMBER IDENTIFIER | |
| control field | OSt |
| 005 - DATE AND TIME OF LATEST TRANSACTION | |
| control field | 20151008141427.0 |
| 008 - FIXED-LENGTH DATA ELEMENTS--GENERAL INFORMATION | |
| fixed length control field | 041213t20041953nyu 000 1 eng d |
| 020 ## - INTERNATIONAL STANDARD BOOK NUMBER | |
| International Standard Book Number | 0743273567 (pbk.) : |
| Terms of availability | $12.95 |
| International Standard Book Number | 9780743273565 (pbk.) |
| 035 ## - SYSTEM CONTROL NUMBER | |
| System control number | (OCoLC)ocm57215622 |
| System control number | (OCoLC)57215622 |
| System control number | (NNC)8415624 |
| 040 ## - CATALOGING SOURCE | |
| Original cataloging agency | IMF |
| Transcribing agency | IMF |
| Modifying agency | OCLCQ |
| -- | XY4 |
| -- | OCLCQ |
| -- | BAKER |
| -- | IUL |
| -- | YDXCP |
| -- | OCLCQ |
| -- | BTCTA |
| -- | IXA |
| -- | Z5U |
| -- | ITJCU |
| -- | MUU |
| -- | DB$ |
| -- | UPZ |
| 043 ## - GEOGRAPHIC AREA CODE | |
| Geographic area code | n-us-ny |
| 050 #4 - LIBRARY OF CONGRESS CALL NUMBER | |
| Classification number | PS3511.I9 |
| Item number | G7 2004 |
| 082 00 - DEWEY DECIMAL CLASSIFICATION NUMBER | |
| Classification number | 813/.52 |
| Edition number | 22 |
| 100 1# - MAIN ENTRY--PERSONAL NAME | |
| Personal name | Fitzgerald, F. Scott |
| Fuller form of name | (Francis Scott), |
| Dates associated with a name | 1896-1940. |
| 245 14 - TITLE STATEMENT | |
| Title | The great Gatsby / |
| Statement of responsibility, etc | F. Scott Fitzgerald. |
| 250 ## - EDITION STATEMENT | |
| Edition statement | Scribner trade pbk. ed. |
| 260 ## - PUBLICATION, DISTRIBUTION, ETC. (IMPRINT) | |
| Place of publication, distribution, etc | New York : |
| Name of publisher, distributor, etc | Scribner, |
| Date of publication, distribution, etc | 2004, c1953. |
| 300 ## - PHYSICAL DESCRIPTION | |
| Extent | 180 p. ; |
| Dimensions | 21 cm. |
| 520 ## - SUMMARY, ETC. | |
| Summary, etc | Jay Gatsby had once loved beautiful, spoiled Daisy Buchanan, then lost her to a rich boy. Now, mysteriously wealthy, he is ready to risk everything to woo her back. This is the definitive, textually accurate edition of a classic of twentieth-century literature, The Great Gatsby. The story of the fabulously wealthy Jay Gatsby and his love for the beautiful Daisy Buchanan has been acclaimed by generations of readers. But the first edition contained a number of errors resulting from Fitzgerald's extensive revisions and a rushed production schedule. |
| 650 #0 - SUBJECT ADDED ENTRY--TOPICAL TERM | |
| Topical term or geographic name as entry element | Traffic accidents |
| Form subdivision | Fiction. |
| Topical term or geographic name as entry element | First loves |
| Form subdivision | Fiction. |
| Topical term or geographic name as entry element | Rich people |
| Form subdivision | Fiction. |
| Topical term or geographic name as entry element | Mistresses |
| Form subdivision | Fiction. |
| Topical term or geographic name as entry element | Revenge |
| Form subdivision | Fiction. |
| 651 #0 - SUBJECT ADDED ENTRY--GEOGRAPHIC NAME | |
| Geographic name | Long Island (N.Y.) |
| Form subdivision | Fiction. |
| Geographic name | Long Island (N.Y.) |
| Form subdivision | Fiction. |
| Source of heading or term | gsafd |
| 655 #7 - INDEX TERM--GENRE/FORM | |
| Genre/form data or focus term | Love stories. |
| Source of term | gsafd |
| 942 ## - ADDED ENTRY ELEMENTS (KOHA) | |
| Source of classification or shelving scheme | Library of Congress Classification |
| Koha item type | Long Loan Books |
| 948 1# - LOCAL PROCESSING INFORMATION (OCLC); SERIES PART DESIGNATOR (RLIN) | |
| Series part designator, SPT (RLIN) | 20110207 |
| b (OCLC) | c |
| c (OCLC) | rad1 |
| d (OCLC) | MPS |
| Series part designator, SPT (RLIN) | 20110207 |
| b (OCLC) | a |
| c (OCLC) | rad1 |
| d (OCLC) | MPS |
| Withdrawn status | Lost status | Source of classification or shelving scheme | Damaged status | Not for loan | Collection code | Home library | Current library | Shelving location | Date acquired | Total Checkouts | Total Renewals | Full call number | Barcode | Date last seen | Date checked out | Price effective from | Koha item type |
|---|---|---|---|---|---|---|---|---|---|---|---|---|---|---|---|---|---|
| Library of Congress Classification | Fiction | Rongo University Library | Rongo University Library | General Stacks | 08/10/2015 | 1 | 1 | PS3511.I9 G7 2004 | 20153858 | 16/10/2017 | 20/05/2017 | 08/10/2015 | Long Loan Books |
